Investigaciones sobre el espacio escénico / (Record no. 83662)

MARC details
000 -LEADER
campo de control de longitud fija 00456nam a2200157 i 4500
001 - NÚMERO DE CONTROL
campo de control 83662
003 - IDENTIFICADOR DE NÚMERO DE CONTROL
campo de control ES-MaACL
005 - FECHA Y HORA DE LA ÚLTIMA TRANSACCIÓN
campo de control 20230906174854.0
007 - CAMPO FIJO DE DESCRIPCIÓN FÍSICA--INFORMACIÓN GENERAL
campo de control de longitud fija t|
008 - DATOS DE LONGITUD FIJA--INFORMACIÓN GENERAL
campo de control de longitud fija 041117s1970 sp ||||1| spa d
245 00 - MENCIÓN DEL TÍTULO
Título Investigaciones sobre el espacio escénico /
Mención de responsabilidad, etc. Copeau... [et al.].
260 ## - PUBLICACIÓN, DISTRIBUCIÓN, ETC.
Lugar de publicación, distribución, etc. [Madrid :
Nombre del editor, distribuidor, etc. Alberto Corazón,
Fecha de publicación, distribución, etc. 1970]
300 ## - DESCRIPCIÓN FÍSICA
Extensión 225 p., 13 lám. ;
Dimensiones 21 cm.
700 1# - ENTRADA AGREGADA--NOMBRE PERSONAL
Nombre de persona Copeau, Jacques.
9 (RLIN) 40404
852 ## - LOCALIZACIÓN
Ubicación ES-MaACL
Número de control de estantería C-45700
Sublocalización o colección R.73982
Holdings
Estatus retirado Estado de pérdida Estado de daño No para préstamo Biblioteca de origen Biblioteca actual Ubicación en estantería Fecha de adquisición Fuente de adquisición Total de préstamos Signatura topográfica completa Código de barras Visto por última vez Precio de reemplazo Tipo de ítem Koha
        Biblioteca del Ateneo de Madrid Biblioteca del Ateneo de Madrid Depósito 2 17/01/2008     C-45700 1087439 23/02/2023 23/02/2023 Libro impreso